[Event "15th Governor Cup 2019"]
[Site "Khanty-Mansiysk"]
[Date "2019.11.19"]
[Round "1.19"]
[White "Martynyuk, Elizaveta"]
[Black "Pogosyan, Stefan"]
[Result "1-0"]
[WhiteElo "2020"]
[BlackElo "2455"]
[Annotator "TA"]
[PlyCount "65"]
[EventDate "2019.11.19"]
[EventType "swiss"]
[EventCountry "RUS"]
[SourceTitle "playchess.com"]
[Source "ChessBase"]
[SourceQuality "1"]

{[%evp 13,117,22,36,24,21,0,17,-6,0,0,0,0,0,6,0,-20,-25,-20,-44,-27,-39,-36,-42,-33,-40,-24,34,-92,-36,-166,34,26,67,0,14,33,14,-37,-28,-202,-189,-176,0,0,0,0,176,171,268,248,393,397,362,351,337,339,312,327,441,441,410,306,289,227,263,252,517,513,498,376,375,366,343,334,549,549,518,518,861,764,861,583,759,759,1081,1114,849,204,204,204,204,204,204,204,29980,29981,29981,29982,29982,29982,29982,29983,29983,29984,29984,29985]} 1. e4 Nc6 2. Nf3 d6 3. h3 Nf6 4. Nc3 g6 5. d4 Bg7 6. Be3 O-O 7. Qd2 e5 8. d5 {B08: Pirc Defence: Classical System} (8. dxe5 dxe5 9. Qxd8 Rxd8 10. Bc4 h6 11. Rd1 Rxd1+ 12. Kxd1 Ne8 13. Bb5 Nd6 14. Bxc6 bxc6 15. Nd2 Be6 {1-0 (71) Nguyen,N (2629)-Mamedov,R (2688) Doha 2016}) 8... Ne7 9. Bh6 Bd7 10. O-O-O {The position is equal.} b5 11. Bd3 b4 $146 ({Predecessor:} 11... a6 12. g4 c5 13. dxc6 Bxc6 14. Qe3 Qa5 15. Bxg7 Kxg7 {0-1 (36) Joksic,S (2320)-Allegro,V (2350) Sion 1990}) 12. Ne2 c6 13. Bxg7 Kxg7 14. Qxb4 cxd5 15. Qxd6 {Black must now prevent Nc3.} Nc8 $1 $36 {[%cal Rc8d6][%mdl 2048] Black has the initiative.} (15... dxe4 $6 16. Bxe4 $1 {[%mdl 512]} Nxe4 17. Qxd7 $14 (17. Qxe5+ Nf6 $17)) 16. Qxe5 Re8 17. Qc3 dxe4 {Hoping for ...Nb6.} 18. Bb5 $1 {Threatens to win with Rxd7.} exf3 19. Rxd7 $1 fxg2 (19... Qb6 $11 20. Rxf7+ Kxf7 21. Bxe8+ Kxe8 22. Qxf3 Rb8) 20. Rhd1 (20. Rg1 $1 $14 {stays ahead.} Qb6 {[%mdl 64] Double Attack} 21. Bc6) 20... Qb6 $1 $17 {[%csl LRb5,LRf2]} 21. Bc4 (21. a4 $1 $15) 21... Re7 $2 ({Black should try} 21... Ne7 $1 $19 {aiming for ...Rac8.} 22. Ng1 Qxf2) 22. R7d4 $14 Qc5 23. Nf4 ({Better is} 23. Bd5 $14 Qxc3 24. Nxc3 Nxd5 25. Rxd5) 23... Nb6 24. Nxg2 Rc8 {[%cal Rb6c4]} 25. Rf4 ({White should play} 25. b3 $11) 25... Rc6 $1 $15 {[%cal Rb6c4][%mdl 1024] Black has compensation.} 26. Rdd4 $2 (26. Bb3 $11 {and White has nothing to worry.}) 26... g5 $1 $19 {[%cal Rg5f4]} 27. Rg4 h5 $2 (27... Nxc4 $19 28. Rxc4 Qxf2 $1 {[%mdl 512]}) 28. b4 $11 Qe5 29. f4 Ne4 $2 (29... Nfd5 $1 $11 {and Black stays safe.} 30. fxe5 (30. Rxg5+ Qxg5 31. Rxd5+ Qf6 $15) 30... Nxc3 31. Rxg5+ {[%mdl 64] Double Attack} Kh6 32. Rd6+ Rxd6 33. exd6 Re4) 30. Qb2 $1 $18 (30. fxe5 Nxc3 31. Rxg5+ Kh6 $11) 30... Nxc4 (30... Qf6 {keeps fighting.} 31. fxg5 Nxg5) 31. fxe5 Nxb2 (31... hxg4 {was necessary.} 32. Qb3 gxh3 33. Qxh3 Rxe5) 32. Rgxe4 Na4 33. Ne3 {Played: b4-b5} 1-0

[Event "15th Governor Cup 2019"]
[Site "Khanty-Mansiysk"]
[Date "2019.11.19"]
[Round "1.20"]
[White "Lugovskoy, Maxim"]
[Black "Ryabov, Georgi"]
[Result "1-0"]
[WhiteElo "2444"]
[BlackElo "1887"]
[Annotator "TA"]
[PlyCount "85"]
[EventDate "2019.11.19"]
[EventType "swiss"]
[EventCountry "RUS"]
[SourceTitle "playchess.com"]
[Source "ChessBase"]
[SourceQuality "1"]

{[%evp 13,85,15,26,-6,0,-28,-30,-50,-22,-47,-32,-37,-40,-44,-43,-62,-24,-85,0,-33,-25,-39,63,60,96,106,108,97,102,100,102,102,113,116,119,119,122,120,121,118,116,112,102,104,210,210,192,174,172,165,127,125,316,308,352,314,532,531,556,594,556,540,722,720,693,685,840,835,852,828,792,774,652,601]} 1. d4 Nf6 2. g3 g6 3. Bg2 Bg7 4. e4 d6 5. Ne2 O-O 6. O-O e5 7. Nbc3 Nc6 8. Bg5 {B07: Pirc Defence: Miscellaneous Systems} (8. dxe5 dxe5 9. b3 a5 10. Bb2 b6 11. Nd5 Bb7 12. Re1 Re8 13. Qd2 Nb4 14. Rad1 c6 15. Ne3 Qxd2 16. Rxd2 Bh6 {1-0 (54) Vachier Lagrave,M (2796)-Ivanchuk,V (2738) Leuven 2017}) 8... h6 9. dxe5 hxg5 $146 ({Predecessor:} 9... Nxe5 10. Bxf6 Bxf6 11. h3 Be6 12. b3 Bg7 13. f4 Nc6 14. f5 Bd7 15. Qd2 g5 {½-½ (28) Kroencke,M (2152)-Auer,H (1905) Bad Woerishofen 2000}) 10. exf6 {Black has an edge.} Qxf6 11. Qd2 g4 12. Nd5 Qd8 13. c3 Ne5 14. Kh1 Nf3 15. Qe3 (15. Bxf3 $11 {keeps the balance.} gxf3 16. Ng1) 15... f5 (15... c6 $17 16. Ndf4 Qb6) 16. Bxf3 (16. exf5 {feels hotter.} Re8 17. Qd3 Bxf5 18. Qd1 c6 19. Ne3) 16... gxf3 17. Qxf3 c6 ({Better is} 17... Re8 $15) 18. Ne3 $1 $14 Qf6 {and if ...fxe4 works, Black does fine.} 19. exf5 Bxf5 20. Nxf5 Qxf5 21. Qxf5 Rxf5 22. Rad1 d5 23. f4 Re8 24. Rfe1 Rf7 25. Kg2 Rfe7 26. Kf2 Kf7 27. Ng1 Rxe1 28. Rxe1 d4 (28... Rxe1 $16 29. Kxe1 c5) 29. Rxe8 $18 Kxe8 {[%mdl 4096] Endgame KB-KN} 30. Ne2 dxc3 31. bxc3 {[%cal Bb2c3,Bc3c4][%mdl 32]} Kd7 32. Ke3 c5 $2 (32... b5 $16 {is a better defense.} 33. Ke4 a6) 33. Ke4 Ke6 34. c4 a6 $2 {[#]} (34... Bb2 35. g4 Ba3) 35. a4 $1 {White is clearly winning.} Bh8 36. g4 Bf6 37. h3 b6 38. Ng3 Bh4 39. Nf1 Bf2 40. Ne3 Bh4 41. f5+ gxf5+ 42. Nxf5 Bd8 43. h4 {Accuracy: White = 75%, Black = 25%.} 1-0

[Event "15th Governor Cup 2019"]
[Site "Khanty-Mansiysk"]
[Date "2019.11.19"]
[Round "1.21"]
[White "Voskresenskaya, Marta"]
[Black "Savitskiy, Sergey"]
[Result "1/2-1/2"]
[WhiteElo "1859"]
[BlackElo "2396"]
[Annotator "TA"]
[PlyCount "84"]
[EventDate "2019.11.19"]
[EventType "swiss"]
[EventCountry "RUS"]
[SourceTitle "playchess.com"]
[Source "ChessBase"]
[SourceQuality "1"]

{[%evp 18,84,22,21,35,38,33,-1,-6,-4,-9,-15,-16,-8,-11,-16,77,30,13,-28,75,62,70,79,89,-55,-49,-55,-63,-147,-98,-146,-152,-139,-146,-168,-170,-170,-170,-170,-170,-170,-156,-170,-99,-108,0,0,0,0,0,0,0,0,96,0,0,0,0,0,0,0,0,0,0,0,0,0,0]} 1. d4 Nf6 2. Nf3 g6 3. c4 Bg7 4. Nc3 O-O 5. g3 d6 6. Bg2 Nc6 7. O-O e5 8. dxe5 dxe5 9. Bg5 Be6 10. Nd2 h6 {E62: King's Indian: Fianchetto: 6...c6 and Panno Variation (6...Nc6) without ...a6} 11. Bxf6 Bxf6 12. Nd5 Bg7 13. Ne4 f5 $146 ({Predecessor:} 13... Nd4 14. e3 c6 15. exd4 cxd5 16. Nc5 dxc4 17. Nxe6 fxe6 18. Qg4 Qxd4 {1-0 (30) Rozum,I (2596)-Hesham,A (2396) Udaipur 2019}) 14. Nc5 Bc8 15. Qa4 Nd4 16. e3 Ne2+ 17. Kh1 c6 18. Qc2 Nxg3+ (18... Qd6 $11 19. Nb3 e4) 19. hxg3 $16 cxd5 20. Bxd5+ {[%mdl 64] [#] Double Attack} Kh7 21. f4 ({Better is} 21. Nxb7 $16 Bxb7 22. Bxb7) 21... Qe7 $15 22. Nd3 Be6 $36 {[%mdl 2048] Black is pushing.} 23. Rfe1 (23. Bxe6 $15 Qxe6 24. Rad1) 23... e4 {...Rac8 is the strong threat.} 24. Nf2 Bxd5 25. cxd5 Rac8 26. Qb3 Rf6 27. Rac1 Rxc1 28. Rxc1 Rb6 29. Qd1 Bxb2 ({Inferior is} 29... Rxb2 30. d6 $14) 30. Rb1 Qd8 ({Black should try} 30... Qc5 $19 31. Qa4 Qxd5 32. Qxa7 Qc6) 31. g4 $17 fxg4 (31... Ba3 $17 32. Rxb6 axb6) 32. Nxg4 $11 Ba3 33. Rxb6 axb6 34. Ne5 Qh4+ 35. Kg2 {Threatens to win with d6.} Bc5 {[#]} (35... Bd6 $11 {keeps the balance.}) 36. Qd2 ({White should play} 36. Qa4 $1 $16) 36... Qd8 {The position is equal.} 37. Ng4 h5 38. Nf2 Qe7 39. Nh3 Qd7 40. Ng5+ Kg8 41. Nxe4 {Black must now prevent Nf6+.} Qg4+ 42. Kh2 {Strongly threatening Nf6+.} Qh4+ {Accuracy: White = 62%, Black = 61%.} 1/2-1/2

[Event "15th Governor Cup 2019"]
[Site "Khanty-Mansiysk"]
[Date "2019.11.19"]
[Round "1.22"]
[White "Remizov, Yaroslav"]
[Black "Dorofeeva, Nyurguiaana"]
[Result "1-0"]
[WhiteElo "2394"]
[BlackElo "1848"]
[Annotator "TA"]
[PlyCount "77"]
[EventDate "2019.11.19"]
[EventType "swiss"]
[EventCountry "RUS"]
[SourceTitle "playchess.com"]
[Source "ChessBase"]
[SourceQuality "1"]

{[%evp 9,77,14,25,10,23,21,30,18,40,36,49,45,41,34,48,45,151,75,159,157,149,168,172,189,189,159,250,220,210,219,230,222,208,197,202,188,245,239,239,242,233,206,243,235,239,236,237,219,302,317,540,518,632,553,1056,985,1250,1245,1339,1467,1578,1365,1354,1332,1803,1777,1797,971,941,916]} 1. e4 c6 2. d4 d5 3. e5 c5 4. dxc5 Nc6 5. Nf3 Bg4 6. c3 {B12: Caro-Kann: Advance Variation} e6 (6... a6 7. Be3 Nxe5 8. Nbd2 Bxf3 9. Nxf3 Nxf3+ 10. Qxf3 e6 11. Bd3 Ne7 12. O-O Nc6 13. Qg3 g6 {1-0 (42) Svidler,P (2729)-Nisipeanu,L (2656) Khanty-Mansiysk 2019}) 7. Be3 Bxf3 8. Qxf3 {White has an edge.} Nxe5 9. Bb5+ Nc6 10. O-O Nf6 11. c4 $36 {[%mdl 2048] Black must now prevent Nc3. White is pushing.} Be7 12. Nc3 Qa5 $146 {[#]} (12... O-O $14) ({Predecessor:} 12... a6 13. Ba4 O-O 14. cxd5 Nxd5 {1-0 (30) Perez Candelario,M (2575)-Sos Andreu,E (2355) Linares 2014}) 13. Bd2 (13. b4 $142 $1 {[%cal Rb4a5]} Qxb4 {[%mdl 64] [#] Double Attack} 14. Nxd5 $1 {[%mdl 512]} exd5 15. Rab1) 13... O-O (13... Qd8 $142) 14. Bxc6 $1 $16 (14. cxd5 $6 Nd4 $14) 14... bxc6 15. Nxd5 $1 Qxd2 16. Nxe7+ Kh8 17. b3 ({Don't do} 17. Qxc6 $6 Qxb2 18. Rfb1 Qe2 $11) 17... Qg5 (17... Qa5 $16) 18. Qe3 ({Much less strong is} 18. Qxc6 Rae8 $16) ({But not} 18. Nxc6 $6 Qxc5 19. Rfe1 Rac8) 18... Qxe3 19. fxe3 Nd7 {White should prevent ...Ne5.} 20. Nxc6 Nxc5 21. Rad1 a5 22. Ne5 f6 (22... Kg8 $142 23. Nd7 Nxd7) 23. Nd7 $18 Nxd7 24. Rxd7 {[%mdl 4096] Endgame KRR-KRR} Rfc8 25. Rfd1 h5 26. Rb7 a4 27. Rdd7 axb3 28. axb3 Rg8 29. c5 Rac8 $2 (29... Ra1+ 30. Kf2 Rc1) 30. b4 {White is clearly winning.} Kh7 31. Rd6 Rge8 32. c6 Kg6 33. b5 f5 34. c7 Kf6 35. b6 Ke7 36. Rd1 e5 37. Ra7 g5 38. b7 Rxc7 {[#]} 39. b8=Q $1 {[%mdl 576] Discovered Attack. Accuracy: White = 76%, Black = 28%.} 1-0

[Event "15th Governor Cup 2019"]
[Site "Khanty-Mansiysk"]
[Date "2019.11.20"]
[Round "2.1"]
[White "Rakhmanov, Aleksandr"]
[Black "Bocharov, Dmitry"]
[Result "1-0"]
[WhiteElo "2638"]
[BlackElo "2519"]
[Annotator "TA"]
[PlyCount "69"]
[EventDate "2019.11.19"]
[EventType "swiss"]
[EventCountry "RUS"]
[SourceTitle "playchess.com"]
[Source "ChessBase"]
[SourceQuality "1"]

{[%evp 10,69,12,-5,8,-1,0,-8,-1,0,-10,-17,0,-17,-14,-18,-28,-28,47,7,29,31,71,71,84,89,56,65,60,66,51,37,125,11,41,8,12,13,5,6,27,0,18,8,49,10,68,28,61,29,43,36,209,206,3040,2235,29993,29994,29994,29995,29995,29996]} 1. d4 Nf6 2. c4 e6 3. Nc3 Bb4 4. e3 O-O 5. Nf3 d5 6. Bd2 Re8 {E51: Nimzo-Indian: Rubinstein: 4...0-0 5 Nf3 d5} (6... b6 7. cxd5 exd5 8. Bd3 Bb7 9. O-O Bd6 10. Rc1 c5 11. Ne5 Nc6 12. Ng4 Nxg4 13. Qxg4 c4 14. Bb1 Ne7 15. Nb5 f5 16. Qe2 a6 17. Nxd6 Qxd6 18. f3 b5 19. Be1 Ng6 20. Ba5 Ne7 21. Be1 Ng6 22. Ba5 Ne7 23. Be1 {½-½ (23) Nakamura,H (2743)-Giri,A (2779) Saint Louis 2019}) 7. Qc2 b6 8. a3 Bf8 {The position is equal.} 9. e4 $146 {And now e5 would win.} ({Predecessor:} 9. Bd3 Ba6 10. cxd5 Bxd3 11. Qxd3 exd5 12. Ne5 c5 13. f4 cxd4 14. exd4 {½-½ (39) Au Cardero,R (2328)-Sanchez,A (2282) ICCF email 2015}) 9... dxe4 10. Nxe4 Nbd7 11. Bd3 Bb7 12. Neg5 {[%cal Rd3h7]} g6 13. O-O-O h6 (13... c5 $11) 14. h4 (14. Nxf7 $5 Kxf7 15. Bxg6+ Kg8 16. Bxe8 Qxe8 17. Rhe1 $11) 14... Bg7 15. h5 hxg5 16. hxg6 Bxf3 17. gxf7+ Kxf7 18. Bg6+ Kf8 19. gxf3 Re7 20. Bxg5 c5 {[#]} ({Black should play} 20... Rb8 $14) 21. Rh4 (21. d5 $1 $16) 21... cxd4 22. Rhxd4 Rc8 23. Qd2 Qc7 24. Kb1 ({Don't blunder} 24. Qb4 $2 Ne5 $19) 24... Kg8 25. Qe2 Nf8 26. Bc2 Rf7 27. Rg1 {[%mdl 1024] White has compensation.} (27. Bf4 $5 {[%cal Rf4c7]} Qc5 28. Be5 $11) 27... Qh2 (27... e5 $11 28. Rh4 Ne6) 28. Qe1 N6d7 29. Rh4 Qe5 {[%csl Gg7][%cal Re5b2]} 30. Qc1 $1 {aiming for Be3.} Qe2 $2 {[#]} ({Not} 30... Rxf3 $2 31. Bh6 $18) (30... b5 $1 $14) 31. Bh6 $1 $18 {[%cal Rh6g7] Black must now prevent Bxg7.} Rc7 $2 (31... Rxc4 32. Rxc4 Qxc4) 32. Bxg7 Rxg7 33. Rxg7+ {White mates.} Kxg7 34. Qg5+ Kf7 {[#]} 35. Bg6+ $1 {[%mdl 512] Accuracy: White = 63%, Black = 33%.} 1-0

[Event "15th Governor Cup 2019"]
[Site "Khanty-Mansiysk"]
[Date "2019.11.20"]
[Round "2.2"]
[White "Kokarev, Dmitry"]
[Black "Khanin, Semen"]
[Result "1-0"]
[WhiteElo "2601"]
[BlackElo "2503"]
[Annotator "TA"]
[PlyCount "43"]
[EventDate "2019.11.19"]
[EventType "swiss"]
[EventCountry "RUS"]
[SourceTitle "playchess.com"]
[Source "ChessBase"]
[SourceQuality "1"]

{[%evp 24,43,16,0,0,0,0,-22,-26,-12,-23,-51,18,12,20,38,43,47,41,39,45,47]} 1. e4 e5 2. Nf3 Nc6 3. Bb5 a6 4. Ba4 Nf6 5. O-O Nxe4 6. d4 b5 7. Bb3 d5 8. dxe5 Be6 9. c3 Be7 10. Be3 O-O 11. Nbd2 Nxd2 12. Qxd2 Na5 {[%cal Bc6a5,Ba5c4,Bc4b2][%mdl 32]} 13. Bc2 Nc4 {C83: Open Ruy Lopez: 9 c3 Be7} 14. Qd3 {[%csl Gc2][%cal Rd3h7] [#]} g6 15. Bh6 Nxb2 {The position is equal.} 16. Qe2 Re8 17. Nd4 {[#]} Bc5 $146 (17... Bd7 $15) ({Predecessor:} 17... Bd7 18. f4 c5 19. Nf3 Qb6 20. Qf2 d4 21. Bg5 dxc3 {1-0 (42) Topalov,V (2749)-Mamedyarov,S (2814) Shamkir 2018}) 18. Bxg6 $1 $11 hxg6 19. Qxb2 Qh4 {White is slightly better.} 20. Qd2 Qh5 21. Rfe1 Bd7 22. Bg5 1-0

[Event "15th Governor Cup 2019"]
[Site "Khanty-Mansiysk"]
[Date "2019.11.20"]
[Round "2.3"]
[White "Afanasiev, Nikita"]
[Black "Sakaev, Konstantin"]
[Result "1/2-1/2"]
[WhiteElo "2508"]
[BlackElo "2595"]
[Annotator "TA"]
[PlyCount "81"]
[EventDate "2019.11.19"]
[EventType "swiss"]
[EventCountry "RUS"]
[SourceTitle "playchess.com"]
[Source "ChessBase"]
[SourceQuality "1"]

{[%evp 15,81,15,24,9,25,20,28,10,13,0,0,0,0,-16,-13,-11,-10,-24,0,0,17,0,0,0,7,0,0,0,0,0,0,0,4,6,10,0,2,0,0,0,0,0,0,0,0,-4,0,0,0,0,0,0,0,-5,0,0,0,0,0,0,0,0,0,0,0,0,0,0]} 1. e4 c5 2. Nf3 d6 3. d4 cxd4 4. Nxd4 Nf6 5. Nc3 a6 6. Be3 e5 7. Nf3 Be7 8. Bc4 Be6 9. Bb3 {B90: Sicilian Najdorf: Unusual White 6th moves, 6 Be3 Ng4 and 6 Be3 e5} Nbd7 10. O-O b5 (10... Rc8 11. Nh4 Nc5 12. Nf5 Bxf5 13. exf5 Nxb3 14. axb3 Qd7 15. Qf3 d5 16. Bg5 d4 17. Bxf6 Bxf6 {0-1 (41) Sjugirov,S (2663)-Sarana,A (2618) Khanty-Mansiysk 2018}) 11. Re1 {White has an edge.} Rc8 12. Bg5 (12. h3 {keeps more tension.} b4 13. Nd5 Nxe4 14. a3 bxa3 15. Rxa3 a5 16. c3) 12... O-O 13. Bxf6 Nxf6 14. a3 $146 ({Predecessor:} 14. Rc1 Rc5 15. Ng5 Bxb3 16. axb3 Qc7 17. Nf3 Rc8 18. Re2 {0-1 (56) Yandarbiev,R (2404)-Xu,Y (2487) Moscow 2005}) 14... Rc6 15. Qd3 Qc8 16. Rac1 Bxb3 17. cxb3 {The position is equal.} Bd8 18. Rc2 Qe6 19. b4 Be7 20. Rec1 Rfc8 21. Nd2 g6 22. Nf1 Kg7 23. Ne3 Qb3 24. Qd1 Bd8 25. Rd2 Qe6 {White should prevent ...Nxe4!} 26. Rdc2 Bb6 27. Ned5 Bd4 {Threatens to win with ...Nxe4!} 28. Nxf6 Qxf6 29. g3 $1 Rc4 30. Kg2 Qd8 31. Nd5 Bxb2 32. Rxc4 bxc4 33. Rc2 Bd4 34. Qe2 Qd7 35. Rxc4 Qb5 $1 {[%cal Rb5c4]} 36. Qf3 Rxc4 37. Qf6+ {[%mdl 64] [#] Double Attack} Kg8 $1 38. Qd8+ Kg7 39. Qf6+ Kg8 $1 40. Qd8+ Kg7 41. Qf6+ {Accuracy: White = 58%, Black = 71%.} 1/2-1/2

[Event "15th Governor Cup 2019"]
[Site "Khanty-Mansiysk"]
[Date "2019.11.20"]
[Round "2.4"]
[White "Timofeev, Artyom"]
[Black "Nesterov, Arseniy"]
[Result "1-0"]
[WhiteElo "2595"]
[BlackElo "2489"]
[Annotator "TA"]
[PlyCount "38"]
[EventDate "2019.11.19"]
[EventType "swiss"]
[EventCountry "RUS"]
[SourceTitle "playchess.com"]
[Source "ChessBase"]
[SourceQuality "1"]

{[%evp 15,38,17,23,26,39,20,19,22,28,8,42,30,41,54,69,63,61,46,97,101,90,93,110,67,69]} 1. e4 e5 2. Nf3 Nf6 3. Nxe5 d6 4. Nf3 Nxe4 5. Nc3 Nxc3 6. dxc3 Be7 7. Be3 Nc6 8. Qd2 Be6 9. O-O-O {C42: Petroff Defence: 3 Nxe5 and unusual White 3rd moves} Qd7 ({Don't blunder} 9... Bxa2 $2 10. b3 $18) 10. a3 a6 11. h4 {The position is equal.} Bf6 12. Ng5 O-O-O 13. Nxe6 {[#]} Qxe6 $146 ({Predecessor:} 13... fxe6 14. g3 d5 15. Bh3 Kb8 16. Rhe1 Rhe8 {0-1 (35) Vachier Lagrave,M (2780)-Duda,J (2738) chess.com INT 2019}) 14. Kb1 Kb8 15. g3 d5 16. Bg2 {[%cal Rg2d5]} Qf5 ({Black should play} 16... d4 $14 17. cxd4 Nxd4) 17. Qd3 $16 ({Weaker is} 17. Bxd5 Ne7 $15) 17... Qxd3 18. Rxd3 d4 19. cxd4 Nxd4 {Accuracy: White = 68%, Black = 50%.} 1-0

[Event "15th Governor Cup 2019"]
[Site "Khanty-Mansiysk"]
[Date "2019.11.20"]
[Round "2.5"]
[White "Potapov, Pavel"]
[Black "Rozum, Ivan"]
[Result "1/2-1/2"]
[WhiteElo "2489"]
[BlackElo "2593"]
[Annotator "TA"]
[PlyCount "111"]
[EventDate "2019.11.19"]
[EventType "swiss"]
[EventCountry "RUS"]
[SourceTitle "playchess.com"]
[Source "ChessBase"]
[SourceQuality "1"]

{[%evp 20,111,0,-21,-7,-31,-12,-17,-31,-66,-31,-39,-39,-47,-23,-36,-10,-46,-31,-52,-37,-76,-75,-181,-145,-120,-139,-221,-29,-29,-29,-28,-25,-96,-38,-31,-21,-47,0,-11,-7,-8,16,-8,7,0,33,0,0,0,0,0,0,0,0,0,0,0,0,0,0,0,0,0,0,0,8,8,8,0,0,0,120,8,8,8,8,8,8,8,8,8,8,8,8,8,8,8,8,8,8,8,8,8]} 1. e4 c5 2. Nf3 d6 3. Nc3 a6 4. a4 Nc6 5. d4 cxd4 6. Nxd4 e6 7. g3 Nf6 8. Bg2 Qc7 9. O-O Be7 10. h3 O-O 11. Nde2 Rb8 {B80: Sicilian Scheveningen: 6 g3 and 6 Be3, including English Attack} 12. g4 (12. b3 b5 13. axb5 axb5 14. Nf4 b4 15. Nce2 Bb7 16. Bb2 Ne5 17. f3 Rfc8 18. Rc1 d5 19. exd5 Nxd5 20. Nxd5 Bxd5 {½-½ (57) Nepomniachtchi,I (2729)-Matlakov,M (2625) Olginka 2011}) 12... b5 13. axb5 axb5 14. Ng3 Nd7 $146 ({Predecessor:} 14... b4 15. Nce2 Bb7 16. g5 Nd7 17. f4 Rfe8 18. f5 Bf8 19. Nf4 Nce5 20. h4 exf5 21. exf5 Bxg2 22. Kxg2 b3 23. cxb3 Qb7+ 24. Kh3 Qxb3 25. Qxb3 {½-½ (25) Marholev,D (2407)-Rohl Montes,J (2390) Binissalem 2004}) 15. Nce2 Bb7 16. f4 Rfe8 17. Kh2 Bf8 18. g5 b4 19. b3 Nc5 20. Bb2 Rbd8 21. f5 (21. h4 $17) 21... exf5 22. exf5 d5 $1 23. g6 (23. Bc1 $17 {is a better defense.}) 23... Bd6 $2 (23... hxg6 $19 24. fxg6 fxg6) 24. gxf7+ $1 $11 Qxf7 25. Nf4 $1 Ne4 {Strongly threatening ...Nxg3.} 26. Ngh5 d4 ({Black should play} 26... Ne5 $1 $17 {Threatens to win with ...g6.} 27. Kg1 Bc8) 27. Kg1 $1 $15 Bxf4 ({Don't play} 27... Qxf5 28. Nxg7 $1 {[%mdl 512]} Qg5 29. Nxe8 $11) 28. Nxf4 Qxf5 29. Qg4 Qxg4 30. hxg4 h6 31. Rfe1 Nc3 32. Ne6 {And now Bxc3 would win.} Rc8 33. g5 hxg5 34. Nxg5 {Hoping for Bxc3.} g6 35. Ne6 Re7 {...Rce8 is the strong threat.} 36. Bxc6 Bxc6 37. Nxd4 Be4 38. Ra6 Kf7 39. Rf1+ Ke8 40. Re1 Kf7 41. Rf1+ Ke8 42. Re1 Rc5 {White must now prevent ...Rg5+.} 43. Re6 Rg5+ 44. Kf2 Rxe6 45. Nxe6 Rf5+ {[#]} (45... Rg2+ $11 46. Ke3 Bxc2) 46. Kg1 (46. Kg3 $1 $16 Re5 47. Nd4) 46... Re5 $11 {The position is equal.} 47. Bxc3 Rxe6 48. Bxb4 Bf5 49. Rxe6+ Bxe6 {[%mdl 4096] Endgame KB-KB} 50. Bd2 Bf5 51. c3 Be6 52. c4 Bf5 53. Kf2 Bc2 54. b4 Bd3 55. c5 Kd7 56. Ke3 {Accuracy: White = 47%, Black = 52%.} 1/2-1/2

[Event "15th Governor Cup 2019"]
[Site "Khanty-Mansiysk"]
[Date "2019.11.20"]
[Round "2.6"]
[White "Volkov, Sergey"]
[Black "Lugovskoy, Maxim"]
[Result "1-0"]
[WhiteElo "2572"]
[BlackElo "2444"]
[Annotator "TA"]
[PlyCount "45"]
[EventDate "2019.11.19"]
[EventType "swiss"]
[EventCountry "RUS"]
[SourceTitle "playchess.com"]
[Source "ChessBase"]
[SourceQuality "1"]

{[%evp 22,45,42,39,41,39,45,40,53,32,37,40,36,34,46,15,184,175,170,178,281,281,319,330,377,368]} 1. d4 e6 2. c4 Nf6 3. Nc3 d5 4. cxd5 exd5 5. Bg5 c6 6. e3 Be7 7. Qc2 Nbd7 8. Nf3 O-O 9. Bd3 Re8 10. O-O Nf8 11. h3 Be6 12. a3 a5 {D36: Queen's Gambit Declined: Exchange Variation: Main line (5 Bg5 c6 6 Qc2)} 13. Rac1 $146 ({Predecessor:} 13. Rab1 N6d7 14. Bf4 Nb6 15. Rfd1 f6 16. Bg3 Bd6 17. Bxd6 Qxd6 18. b4 Nc4 19. Bxc4 dxc4 20. bxa5 {1-0 (44) Barsov,A (2521)-Kasyan,A (2267) Tashkent 2007}) 13... Rc8 14. Rfd1 Kh8 {White is slightly better.} 15. Na4 {[%cal Bc3a4,Ba4c5,Bc5b7,Bb7a5][%mdl 32]} (15. Bf4 {with more complications.} h6 16. Na4 Ne4 17. Ne5 f6 18. Nf3) 15... Ne4 16. Bxe7 Rxe7 17. Nc5 Nd6 18. Qb3 Bf5 $2 (18... Rb8 $11 {and Black has nothing to worry.}) 19. Bxf5 $18 {[%mdl 64] [#] Overworked Piece} Nxf5 20. Nxb7 Qe8 (20... Qc7 {is a better defense.}) 21. Nxa5 Ng6 22. Rd3 h6 23. Rdc3 {Accuracy: White = 50%, Black = 29%.} 1-0

[Event "15th Governor Cup 2019"]
[Site "Khanty-Mansiysk"]
[Date "2019.11.20"]
[Round "2.7"]
[White "Remizov, Yaroslav"]
[Black "Bocharov, Ivan"]
[Result "0-1"]
[WhiteElo "2394"]
[BlackElo "2571"]
[Annotator "TA"]
[PlyCount "42"]
[EventDate "2019.11.19"]
[EventType "swiss"]
[EventCountry "RUS"]
[SourceTitle "playchess.com"]
[Source "ChessBase"]
[SourceQuality "1"]

{[%evp 17,42,30,18,27,37,16,19,0,0,0,9,10,14,19,27,28,42,18,14,0,14,0,14,4,7,0,-2]} 1. e4 c5 2. Nf3 d6 3. d4 cxd4 4. Nxd4 Nf6 5. Nc3 a6 6. Be3 e5 7. Nb3 Be6 8. f3 h5 9. Qd2 Nbd7 10. Nd5 {B90: Sicilian Najdorf: Unusual White 6th moves, 6 Be3 Ng4 and 6 Be3 e5} (10. O-O-O Be7 11. Bg5 b5 12. h4 Rc8 13. Kb1 O-O 14. a3 Re8 15. Be2 Qb6 16. Rhg1 Bf8 17. Nc1 Rc7 18. N1a2 Rec8 {0-1 (36) Inarkiev,E (2693)-Vidit,S (2707) Danzhou 2019}) 10... Bxd5 11. exd5 g6 12. c4 Bg7 13. Be2 O-O 14. O-O b6 15. Rae1 Re8 16. Kh1 $146 ({Predecessor:} 16. Bg5 Qc7 17. Kh1 {½-½ (57) Zou,C (2361)-Liu,Y (2474) Qinhuangdao 2018}) 16... a5 17. Bg5 Qc7 {The position is equal.} 18. Bd3 Nh7 19. Bh6 Qd8 20. Bxg7 Kxg7 21. f4 f5 {[%mdl 32768] Accuracy: White = 36%, Black = 58%. . Loss on time!?} 0-1